Movies Quiz

Random Movies or Letter Quiz
Score 0/20 Timer 05:00
22 Plays Today
% Correct
Tom Cruise - Top Gun
94.6%
Jackie Chan - Rush Hour
94.5%
George Clooney - Ocean's Eleven
94.1%
Steve Carell - The 40-Year-Old Virgin
94%
Jim Carrey - The Truman Show
93.4%
Glenn Close - 101 Dalmatians
92.3%
Billy Crystal - When Harry Met Sally...
90.3%
John Candy - Uncle Buck
90.1%
Sean Connery - Dr. No
89.6%
Courteney Cox - Scream
86.4%
% Correct
Penelope Cruz - Vanilla Sky
86.1%
Charlie Chaplin - Modern Times
86%
Tim Curry - The Rocky Horror Picture Show
85.7%
Nicolas Cage - Leaving Las Vegas
85.7%
Michael Caine - Dirty Rotten Scoundrels
77.9%
Joan Cusack - Addams Family Values
73.3%
Jennifer Connelly - A Beautiful Mind
72.6%
Marion Cotillard - Inception
68.8%
Jessica Chastain - Interstellar
66.8%
Emilia Clarke - Terminator Genisys
63.8%
Remove Ads.
Support Sporcle.
Get the best of Sporcle when you Go Orange. This ad-free experience offers more features, more stats, and more fun while also helping to support Sporcle. Thank you for becoming a member.

You're not logged in!

Compare scores with friends on all Sporcle quizzes.
OR
Log In

Sporcle TV

Today on Sporcle TV


Watch our educational content, quiz creation guides, and fun videos on Sporcle TV.

Show Comments

Extras

Top Quizzes Today


Score Distribution

Paid Content

Your Account Isn't Verified!

In order to create a playlist on Sporcle, you need to verify the email address you used during registration. Go to your Sporcle Settings to finish the process.

Report this User

Report this user for behavior that violates our Community Guidelines.

Details: